Southville International School and Colleges
Your cart is empty.
  • Cart
  • Lists
    Public lists Eva Luna New books Lux_list list_1
    Your lists Log in to create your own lists
  • Log in to your account
  • Your cookies
  • Search history
Southville International School and Colleges
  • Advanced search
  • Recent comments
  • Most popular
  • Libraries

Log in to your account

Log in with GOOGLE


If you do not have an external account, but do have a local account, you can still log in:

  1. Home
  2. MARC view: An introduction to masculinities /
Normal view MARC view ISBD view

An introduction to masculinities / (Record no. 22421)

[ view plain ]
MARC details
000 -LEADER
fixed length control field 00609nam a2200205 a 4500
003 - CONTROL NUMBER IDENTIFIER
control field PILC
005 - DATE AND TIME OF LATEST TRANSACTION
control field 20160215084845.0
008 - FIXED-LENGTH DATA ELEMENTS--GENERAL INFORMATION
fixed length control field 121015s19uu xx 00 eng d
020 ## - INTERNATIONAL STANDARD BOOK NUMBER
International Standard Book Number 9781405181785
050 ## - LIBRARY OF CONGRESS CALL NUMBER
Classification number BF 692.5
Item number .K34 2009
100 ## - MAIN ENTRY--PERSONAL NAME
Personal name Kahn, Jack S.
245 ## - TITLE STATEMENT
Title An introduction to masculinities /
Statement of responsibility, etc Jack S. Kahn.
260 ## - PUBLICATION, DISTRIBUTION, ETC. (IMPRINT)
Place of publication, distribution, etc Chichester, UK :
Name of publisher, distributor, etc Wiley-Blackwell,
Date of publication, distribution, etc 2009.
300 ## - PHYSICAL DESCRIPTION
Extent xvi, 408 pages :
Other physical details illustrations ;
Dimensions 25 cm.
500 ## - GENERAL NOTE
General note Includes bibliographical references and index.
650 ## - SUBJECT ADDED ENTRY--TOPICAL TERM
Topical term or geographic name as entry element Masculinity.
650 ## - SUBJECT ADDED ENTRY--TOPICAL TERM
Topical term or geographic name as entry element Men
General subdivision Psychology.
942 ## - ADDED ENTRY ELEMENTS (KOHA)
Koha item type Books
Source of classification or shelving scheme Library of Congress Classification
Call number prefix Foreign
Holdings
Withdrawn status Lost status Source of classification or shelving scheme Damaged status Home library Current library Shelving location Date acquired Source of acquisition Total Checkouts Full call number Barcode Date last seen Copy number Price effective from Koha item type
    Library of Congress Classification   College Library College Library General Circulation Section 01/10/2014 Library Fund   BF 692.5 .K34 2009 C16392 05/15/2018 1 01/10/2014 Books

An introduction to masculinities /

APA

Kahn J. S., . (2009). An introduction to masculinities. Chichester, UK: Wiley-Blackwell.

Chicago

Kahn Jack S, . 2009. An introduction to masculinities. Chichester, UK: Wiley-Blackwell.

Harvard

Kahn J. S., . (2009). An introduction to masculinities. Chichester, UK: Wiley-Blackwell.

MLA

Kahn Jack S, . An introduction to masculinities. Chichester, UK: Wiley-Blackwell. 2009.

  • Place hold
  • Print
  • Cite
  • Add to your cart (remove)
  • Save record
    BIBTEX Dublin Core MARCXML MARC (non-Unicode/MARC-8) MARC (Unicode/UTF-8) MARC (Unicode/UTF-8, Standard) MODS (XML) RIS
  • More searches
    Search for this title in:
    Other Libraries (WorldCat) Other Databases (Google Scholar) Online Stores (Bookfinder.com) Open Library (openlibrary.org)

Exporting to Dublin Core...

SOUTHVILLE LIBRARY

Southville International School and Colleges Library

1281 Tropical Ave. Cor. Luxembourg St., BF Homes International, Las Pinas City

Tel. No. 8256374 / 252358 Loc. 117/146

Powered by Koha